How to restore & improve your Victorian house (Record no. 95356)

MARC details
000 -LEADER
fixed length control field 00558cam a2200217 4500
008 - FIXED-LENGTH DATA ELEMENTS--GENERAL INFORMATION
fixed length control field 090401t1984 xxu||||| |||| 00| 0 eng d
020 ## - INTERNATIONAL STANDARD BOOK NUMBER
International Standard Book Number 0715383345
035 ## - SYSTEM CONTROL NUMBER
System control number (Sirsi) u70831
041 ## - LANGUAGE CODE
Language code of text/sound track or separate title eng
050 ## - LIBRARY OF CONGRESS CALL NUMBER
Classification number 690.241
100 ## - MAIN ENTRY--PERSONAL NAME
Personal name Johnson, Alan
245 ## - TITLE STATEMENT
Title How to restore & improve your Victorian house
260 ## - PUBLICATION, DISTRIBUTION, ETC.
Place of publication, distribution, etc. Newton Abbot
Name of publisher, distributor, etc. David and Charles
Date of publication, distribution, etc. 1984
300 ## - PHYSICAL DESCRIPTION
Extent 208p. : ill. ; 25cm.
350 ## - PRICE (NR) (BK AM CF MU VM SE) [OBSOLETE]
Price 12.5
650 ## - SUBJECT ADDED ENTRY--TOPICAL TERM
Topical term or geographic name entry element HISTORIC BUILDINGS
650 ## - SUBJECT ADDED ENTRY--TOPICAL TERM
Topical term or geographic name entry element REHABILITATION
650 ## - SUBJECT ADDED ENTRY--TOPICAL TERM
Topical term or geographic name entry element VICTORIAN HOUSES
942 ## - ADDED ENTRY ELEMENTS (KOHA)
Suppress in OPAC 0
948 ## - LOCAL PROCESSING INFORMATION (OCLC); SERIES PART DESIGNATOR (RLIN)
c (OCLC) 04/03/1997
Holdings
Withdrawn status Lost status Source of classification or shelving scheme Damaged status Not for loan Home library Current library Shelving location Date acquired Cost, normal purchase price Total Checkouts Full call number Barcode Date last seen Date last checked out Copy number Cost, replacement price Price effective from Koha item type
    Dewey Decimal Classification     London London Books 18/07/1994 12.50 14 690.241 30042051 06/08/2019 29/05/2009 1 12.50 06/08/2019 Book